| 000 | 00929cam a2200265 a 4500 | ||
|---|---|---|---|
| 001 | 15626845 | ||
| 005 | 20171215073017.0 | ||
| 007 | co |g||||||||| | ||
| 008 | 090217s2010 maua b 001 0 eng | ||
| 010 | _a 2009006947 | ||
| 020 | _a9780205627561 | ||
| 020 | _a0205627560 | ||
| 035 | _a(OCoLC)ocn268788251 | ||
| 040 |
_aDLC _cDLC _dYDX _dBTCTA _dYDXCP _dCDX _dDLC |
||
| 041 | _aeng | ||
| 080 | _a372.6521 ECHE | ||
| 082 | 0 | 0 |
_a372.6521 ECHE _223 |
| 100 | 1 | _a46 | |
| 101 | _aEDU | ||
| 245 | 1 | 0 |
_aMaking content comprehensible for elementary English learners : _cJana EchevarrÃa, MaryEllen Vogt, Deborah J. Short. |
| 504 | _aIncludes bibliographical references (p. 258-267) and indexes. | ||
| 906 |
_a7 _bcbc _corignew _d1 _eecip _f20 _gy-gencatlg |
||
| 942 |
_2ddc _cBK |
||
| 999 |
_c39011 _d39011 |
||